[Event "AUTO-OPEN-1191"]
[Site "http://www.queenalice.com/game.php?id=430745"]
[Date "2008.7.10"]
[Round "1"]
[White "Turms"]
[Black "Borsssoi"]
[Result "1-0"]
[WhiteElo "1500"]
[BlackElo "1487"]

1. e4 e6 2. d4 d5 3. Nc3 dxe4 4. Nxe4 Nc6 5. Be3 f5 6. Nc3 Nf6 7. Bb5 Bd7 8. Nf3
a6 9. Bc4 Bb4 10. O-O Bxc3 11. bxc3 b5 12. Bd3 Nd5 13. c4 Nxe3 14. fxe3 bxc4 15.
Bxc4 Nb4 16. Ne5 Rb8 17. Qh5+ g6 18. Nxg6 Qf6 19. Nxh8+ Ke7 20. Qxh7+ Kd6 21.
Nf7+ Kc6 22. Ne5+ Kd6 23. Qxd7# 1-0

[Event "AUTO-OPEN-1191"]
[Site "http://www.queenalice.com/game.php?id=430746"]
[Date "2008.7.10"]
[Round "1"]
[White "Borsssoi"]
[Black "Turms"]
[Result "0-1"]
[WhiteElo "1606"]
[BlackElo "1779"]

1. d4 Nf6 2. Nc3 d5 3. f4 Bf5 4. e3 e6 5. g4 Bxg4 6. Nf3 Ne4 7. Qe2 Bb4 8. h3
Bxf3 9. Qxf3 Nxc3 10. bxc3 Bxc3+ 11. Bd2 Bxa1 12. Bd3 Qh4+ 13. Ke2 Bb2 14. Bb4
Nc6 15. Rb1 Bxd4 16. c3 Bb6 17. f5 O-O-O 18. Qg4 Qf6 19. Rg1 Rhg8 20. fxe6 fxe6
21. Bxh7 Ne5 22. Qg5 Qf3+ 23. Ke1 Nd3+ 24. Bxd3 Bxe3 25. Rf1 Qxh3 26. Qe5 d4 27.
Be7 Rd5 28. Bf5 Qg3+ 29. Qxg3 exf5 30. cxd4 Bxd4 31. Ba3 Re8+ 32. Kd2 Be5+ 33.
Qd3 Rxd3+ 34. Kxd3 f4 35. Bc1 g5 36. Re1 Kd7 37. Ba3 Bd6 38. Rxe8 Kxe8 39. Bxd6
cxd6 40. Ke4 Ke7 41. Kf5 f3 0-1

[Event "AUTO-OPEN-1191"]
[Site "http://www.queenalice.com/game.php?id=430747"]
[Date "2008.7.10"]
[Round "1"]
[White "Turms"]
[Black "andres_98"]
[Result "1-0"]
[WhiteElo "1629"]
[BlackElo "1134"]

1. e4 e6 2. d4 Bb4+ 3. c3 Bd6 4. e5 Be7 5. Qg4 Bh4 6. Qxg7 Qe7 7. Qxh8 f6 8.
Qxg8+ Qf8 9. Qxh7 Qf7 10. Qxh4 Qg6 11. Nf3 Qc2 12. Na3 Qa4 13. Qxf6 Qc6 14. Ng5
Qa6 15. Qf7+ Kd8 16. Qf8# 1-0

[Event "AUTO-OPEN-1191"]
[Site "http://www.queenalice.com/game.php?id=430748"]
[Date "2008.7.10"]
[Round "1"]
[White "andres_98"]
[Black "Turms"]
[Result "0-1"]
[WhiteElo "1308"]
[BlackElo "1807"]

1. e3 e5 2. Bc4 d5 3. Bb5+ c6 4. Bd3 e4 5. Bf1 Bd6 6. Be2 Nh6 7. Bh5 O-O 8. Nh3
g6 9. Be2 Bxh3 10. gxh3 Nd7 11. Bg4 Ne5 12. b3 f5 13. Be2 f4 14. exf4 Rxf4 15.
d3 Rxf2 16. Kxf2 Qh4+ 17. Kf1 Rf8+ 18. Kg1 Qxh3 19. Qd2 Nhg4 20. Qg5 Rf1+ 21.
Bxf1 Nf3# 0-1

[Event "AUTO-OPEN-1198"]
[Site "http://www.queenalice.com/game.php?id=433905"]
[Date "2008.7.16"]
[Round "1"]
[White "Turms"]
[Black "lucianovdemelo"]
[Result "0-1"]
[WhiteElo "1832"]
[BlackElo "1430"]

1. e4 e5 2. Nf3 Nc6 3. Bb5 Nf6 4. O-O Bc5 5. Nc3 O-O 6. d3 d6 7. h3 Bd7 8. Bg5
a6 9. Ba4 b5 10. Bb3 Nd4 11. Nxd4 exd4 12. Nd5 h6 13. Bxf6 gxf6 14. Qf3 c6 15.
Nxf6+ Kg7 16. Nh5+ Kh7 17. Qf6 Rg8 18. Bxf7 Qxf6 19. Nxf6+ Kg7 20. Nxg8 Kxf7 21.
Nxh6+ Kg6 22. Ng4 Bxg4 23. hxg4 Rg8 24. f4 Kh7 25. g5 Kg6 26. Kf2 Rh8 27. Rh1
Rxh1 28. Rxh1 a5 29. Rh6+ Kg7 30. f5 d5 31. Rxc6 Be7 32. f6+ Bxf6 0-1

[Event "AUTO-OPEN-1198"]
[Site "http://www.queenalice.com/game.php?id=433906"]
[Date "2008.7.16"]
[Round "1"]
[White "lucianovdemelo"]
[Black "Turms"]
[Result "0-1"]
[WhiteElo "1574"]
[BlackElo "1807"]

1. d4 Nf6 2. c4 g6 3. Nf3 d5 4. Nc3 Bg7 5. Bg5 O-O 6. e3 Ne4 7. Bd3 Nxg5 8. Nxg5
e5 9. cxd5 Qxg5 10. dxe5 Qxg2 11. Qe2 Qxh1+ 12. Qf1 Qxh2 13. O-O-O Qxe5 14. e4
Bg4 15. f3 Bd7 16. f4 Qd4 17. Be2 Qe3+ 18. Kb1 Bxc3 19. bxc3 Qxe4+ 20. Kb2 Na6
21. Bxa6 bxa6 22. a3 Rab8+ 23. Ka2 Qc2+ 24. Ka1 Qb2# 0-1

[Event "AUTO-OPEN-1198"]
[Site "http://www.queenalice.com/game.php?id=433907"]
[Date "2008.7.16"]
[Round "1"]
[White "Turms"]
[Black "magalhaes"]
[Result "0-1"]
[WhiteElo "1749"]
[BlackElo "1912"]

1. e4 e5 2. Nf3 Nc6 3. Bb5 d6 4. O-O Bd7 5. d4 exd4 6. Nxd4 Nf6 7. Nc3 Be7 8.
Nxc6 bxc6 9. Bc4 O-O 10. Bb3 Kh8 11. h3 Be6 12. f4 d5 13. f5 d4 14. fxe6 dxc3
15. Qxd8 Raxd8 16. e5 Nd5 17. exf7 Bc5+ 18. Kh1 Rd7 19. e6 Re7 20. Re1 cxb2 21.
Bxb2 Nf4 0-1

[Event "AUTO-OPEN-1198"]
[Site "http://www.queenalice.com/game.php?id=433908"]
[Date "2008.7.16"]
[Round "1"]
[White "magalhaes"]
[Black "Turms"]
[Result "1-0"]
[WhiteElo "1901"]
[BlackElo "1765"]

1. Nf3 Nf6 2. b3 c5 3. Bb2 e6 4. Nc3 d5 5. e3 Bd6 6. Bb5+ Nc6 7. O-O Bd7 8. h3
Qc7 9. Be2 a6 10. d4 cxd4 11. Nxd4 Nxd4 12. exd4 O-O 13. Bd3 Rac8 14. Re1 b5 15.
Qd2 Bb4 16. Qg5 Bxc3 17. Bxc3 Qxc3 18. Qe5 Ne4 19. Qh5 Nf6 20. Qh4 b4 21. g4
Qxd4 22. Rad1 Qf4 23. Re3 1-0

[Event "AUTO-OPEN-1198"]
[Site "http://www.queenalice.com/game.php?id=433909"]
[Date "2008.7.16"]
[Round "1"]
[White "Turms"]
[Black "geesnode"]
[Result "1-0"]
[WhiteElo "1629"]
[BlackElo "1716"]

1. e4 c5 2. Nf3 d6 3. d4 cxd4 4. Nxd4 Nf6 5. Nc3 a6 6. Bg5 e6 7. f4 Qc7 8. Bxf6
gxf6 9. Qf3 b5 10. O-O-O Bb7 11. Bd3 Nc6 12. Nxc6 Qxc6 13. Rhe1 O-O-O 14. Qh5
Rd7 15. Nxb5 axb5 16. Bxb5 Qc7 17. Rd3 Kb8 18. Rc3 Qd8 19. Bxd7 Qxd7 20. Ree3 d5
21. exd5 Qxd5 22. Qxf7 Bb4 23. Qc7+ Ka8 24. Ra3+ 1-0

[Event "AUTO-OPEN-1198"]
[Site "http://www.queenalice.com/game.php?id=433910"]
[Date "2008.7.16"]
[Round "1"]
[White "geesnode"]
[Black "Turms"]
[Result "1/2-1/2"]
[WhiteElo "1759"]
[BlackElo "1838"]

1. d4 Nf6 2. c4 g6 3. Nc3 d5 4. Bf4 Bg7 5. Nf3 O-O 6. e3 Bg4 7. Bd3 a6 8. O-O
dxc4 9. Bxc4 b5 10. Bd3 Nc6 11. h3 Bd7 12. Rc1 Nb4 13. Be2 Nbd5 14. Bh2 b4 15.
Nxd5 Nxd5 16. Qb3 Be6 17. Bc4 a5 18. e4 a4 19. Qd3 Nf6 20. Bxe6 fxe6 21. Rxc7
Ne8 22. Rc2 Nd6 23. Rfc1 Bh6 24. Re1 Qb6 25. Ne5 Rfc8 26. Ng4 Bg7 27. Rec1 Rxc2
28. Rxc2 Qxd4 29. Qxd4 Bxd4 30. Be5 Bxe5 31. Nxe5 b3 32. axb3 axb3 33. Rc7 Ra1+
34. Kh2 Nxe4 35. Rb7 Nxf2 36. Rxb3 Rb1 37. Rb7 Kg7 38. Nc6 Nd3 39. b4 Kf6 40. b5
Nc5 41. Rb8 Nd7 42. Rb7 Nc5 43. Rb8 Nd7 44. Rb7 Nc5 1/2-1/2

[Event "AUTO-INT-972"]
[Site "http://www.queenalice.com/game.php?id=435484"]
[Date "2008.7.18"]
[Round "1"]
[White "ciceroeduardo"]
[Black "Turms"]
[Result "0-1"]
[WhiteElo "1510"]
[BlackElo "1757"]

1. e4 c5 2. Nf3 e6 3. Qe2 Nc6 4. Nc3 Nd4 5. Nxd4 cxd4 6. Nd1 Nf6 7. c3 Bc5 8. b4
Bb6 9. Bb2 e5 10. cxd4 exd4 11. e5 O-O 12. exf6 Re8 13. Ne3 dxe3 14. dxe3 d5 15.
fxg7 Qh4 16. g3 Qxb4+ 17. Qd2 Bxe3 18. Qxb4 Bc5+ 19. Be2 Bxb4+ 20. Kd1 Bd7 21.
a3 Ba4+ 22. Kc1 Rac8+ 23. Kb1 Bc2+ 24. Ka2 Rxe2 25. axb4 Rc6 26. Ba3 Be4+ 27.
Bb2 Ra6+ 28. Kb3 Bxh1 29. Rxh1 Rxf2 30. Re1 Re6 31. Rc1 Re3+ 32. Ka2 d4 33. Rc8+
Kxg7 34. Rc7 Ree2 35. Rxb7 Rxb2+ 36. Ka3 d3 37. Rd7 d2 0-1

[Event "AUTO-INT-972"]
[Site "http://www.queenalice.com/game.php?id=435485"]
[Date "2008.7.18"]
[Round "1"]
[White "Turms"]
[Black "ciceroeduardo"]
[Result "1-0"]
[WhiteElo "1726"]
[BlackElo "1510"]

1. e4 e5 2. Nf3 Nc6 3. Bb5 a6 4. Bxc6 dxc6 5. O-O Nf6 6. Nxe5 Nxe4 7. Re1 Qh4 8.
Qf3 Ng5 9. Ng6+ Be6 10. Nxh4 Nxf3+ 11. Nxf3 Bd6 12. d4 O-O 13. Nc3 b5 14. Ng5
Bf5 15. Nge4 Rfe8 16. Bd2 Re6 17. Nxd6 cxd6 18. d5 cxd5 19. Nxd5 Bxc2 20. Nc7
Rxe1+ 21. Rxe1 Rc8 22. Bb4 d5 23. Nxd5 g6 24. Ne7+ Kg7 25. Nxc8 h5 26. Bc3+ f6
27. Re7+ Kh6 28. Bxf6 Bf5 29. Nd6 Bd3 30. Nf7+ 1-0

[Event "AUTO-INT-972"]
[Site "http://www.queenalice.com/game.php?id=435498"]
[Date "2008.7.18"]
[Round "1"]
[White "Turms"]
[Black "jope"]
[Result "0-1"]
[WhiteElo "1796"]
[BlackElo "1744"]

1. e4 c5 2. Nf3 d6 3. d4 cxd4 4. Nxd4 e5 5. Nf3 h6 6. Bb5+ Bd7 7. a4 a6 8. Bc4
Nf6 9. Nc3 Be7 10. O-O O-O 11. Be3 Bc6 12. Nd5 Nxe4 13. Nb6 Ra7 14. Bd5 Nf6 15.
Nh4 Nxd5 16. Nxd5 Bxd5 17. Qxd5 b6 18. Nf5 Nd7 19. Rfd1 Nf6 20. Qf3 Nh7 21. a5
b5 22. Bxa7 Ng5 23. Qd5 Qd7 24. Nxe7+ Qxe7 25. Bb6 Qf6 26. Qxd6 Ne6 27. c3 g6
28. g3 Kg7 29. Re1 Qf3 0-1

[Event "AUTO-INT-972"]
[Site "http://www.queenalice.com/game.php?id=435499"]
[Date "2008.7.18"]
[Round "1"]
[White "jope"]
[Black "Turms"]
[Result "1-0"]
[WhiteElo "1724"]
[BlackElo "1832"]

1. e4 c5 2. Nf3 e6 3. d4 cxd4 4. Nxd4 a6 5. Nf3 Nc6 6. a3 Nf6 7. Nc3 Bc5 8. h3
Qc7 9. Bc4 b5 10. Bd3 O-O 11. Qe2 d6 12. Be3 Bxe3 13. Qxe3 d5 14. e5 Nd7 15.
O-O-O Ndxe5 16. Rde1 Nxf3 17. Qxf3 b4 18. axb4 Nxb4 19. Kd2 Rb8 20. Rb1 Bd7 21.
Qh5 Qf4+ 22. Ke2 Nxd3 23. cxd3 g6 24. Qg4 Qe5+ 25. Kd2 d4 26. Ne2 Qa5+ 27. Kc1
Rfc8+ 28. Kd1 Ba4+ 29. b3 1-0

[Event "AUTO-INT-972"]
[Site "http://www.queenalice.com/game.php?id=435500"]
[Date "2008.7.18"]
[Round "1"]
[White "Turms"]
[Black "Matuto_do_Vale"]
[Result "0-1"]
[WhiteElo "1735"]
[BlackElo "1470"]

1. e4 c5 2. Nf3 d6 3. d4 Bg4 4. d5 Bxf3 5. Qxf3 Nf6 6. Bb5+ Nbd7 7. O-O a6 8.
Bxd7+ Qxd7 9. Nc3 e5 10. dxe6 Qxe6 11. e5 dxe5 12. Qxb7 Rd8 13. Be3 Bd6 14. Qc6+
Nd7 15. Rad1 Be7 16. Qa4 O-O 17. Ne4 f5 18. Ng5 Bxg5 19. Bxg5 Nb6 20. Qxa6 Ra8
21. Qb5 c4 22. a3 h6 23. Be3 Rab8 24. Bc5 Rfe8 25. Rd6 Qf7 26. Bxb6 Re6 27. Qc6
Re7 28. Rfd1 Rbe8 29. Rd8 Re6 30. Qxc4 Rxd8 31. Rxd8+ Kh7 32. h4 Kg6 0-1

[Event "AUTO-INT-972"]
[Site "http://www.queenalice.com/game.php?id=435501"]
[Date "2008.7.18"]
[Round "1"]
[White "Matuto_do_Vale"]
[Black "Turms"]
[Result "0-1"]
[WhiteElo "1584"]
[BlackElo "1824"]

1. b3 e5 2. Bb2 Nc6 3. e3 Nf6 4. Bb5 e4 5. Bxc6 dxc6 6. d3 Bf5 7. Nd2 exd3 8.
Bxf6 Qxf6 9. e4 Bg6 10. Ngf3 O-O-O 11. O-O Bh5 12. Qe1 Bb4 13. Qe3 Kb8 14. cxd3
Rhe8 15. e5 Bxd2 16. Nxd2 Rxe5 17. Ne4 Qe7 18. f4 Red5 19. Rae1 Rxd3 20. Qc5
Qxc5+ 21. Nxc5 Rd2 22. a4 Rc2 23. Re5 Bg4 24. Ne4 f5 25. Ng5 b6 26. Nxh7 Rdd2
27. Rfe1 Rxg2+ 28. Kf1 Rcf2# 0-1